[Event "Mistrovstvi Cech 2019 - U12"]
[Site "?"]
[Date "2019.10.26"]
[Round "1.3"]
[White "Veverka, Vladimir"]
[Black "Marsik, Ondrej"]
[Result "0-1"]
[BlackElo "1304"]
[WhiteElo "1513"]
[LiveChessVersion "1.4.8"]

1. d4 {[%clk 1:30:46]} d6 {[%clk 1:30:14]} 2. e4 g6 3. Nf3 {[%clk 1:28:26]} Bg7
{[%clk 1:30:02]} 4. c3 {[%clk 1:27:15]} Nf6 {[%clk 1:30:16]} 5. Bd3
{[%clk 1:25:11]} Bg4 {[%clk 1:26:57]} 6. h3 {[%clk 1:24:30]} Bxf3
{[%clk 1:26:21]} 7. Qxf3 {[%clk 1:24:37]} Nbd7 {[%clk 1:26:03]} 8. Bf4
{[%clk 1:19:51]} e5 {[%clk 1:20:44]} 9. Be3 {[%clk 1:10:27]} O-O {[%clk 1:15:52]}
10. Nd2 {[%clk 1:08:16]} Re8 {[%clk 1:13:27]} 11. g4 {[%clk 1:05:57]} Qe7
{[%clk 1:06:31]} 12. h4 {[%clk 1:02:16]} Qe6 {[%clk 1:02:15]} 13. Rg1
{[%clk 0:53:54]} c6 {[%clk 1:02:17]} 14. h5 {[%clk 0:51:30]} d5 {[%clk 0:57:05]}
15. h6 {[%clk 0:49:23]} Bh8 {[%clk 0:56:31]} 16. g5 {[%clk 0:46:20]} exd4
{[%clk 0:51:03]} 17. Bxd4 {[%clk 0:36:24]} dxe4 {[%clk 0:48:45]} 18. Qe3
{[%clk 0:31:30]} exd3 {[%clk 0:47:26]} 19. gxf6 Bxf6 {[%clk 0:47:53]} 20. Qxe6
{[%clk 0:26:32]} Rxe6+ 21. Be3 {[%clk 0:23:53]} Bh4 {[%clk 0:46:05]} 22. O-O-O b5
{[%clk 0:42:24]} 23. Nf3 {[%clk 0:22:44]} Bf6 {[%clk 0:38:51]} 24. Rxd3
{[%clk 0:21:56]} Ne5 {[%clk 0:38:35]} 25. Nxe5 {[%clk 0:21:48]} Bxe5
{[%clk 0:37:45]} 26. Rgd1 {[%clk 0:20:25]} Bf6 {[%clk 0:37:13]} 27. Kc2
{[%clk 0:19:16]} g5 {[%clk 0:36:19]} 28. Rg1 {[%clk 0:16:50]} Kh8
{[%clk 0:31:27]} 29. Rgd1 {[%clk 0:15:05]} Be7 {[%clk 0:27:31]} 30. Bd4+
{[%clk 0:12:12]} Kg8 {[%clk 0:26:35]} 31. Re3 {[%clk 0:07:53]} Rxe3
{[%clk 0:25:11]} 32. Bxe3 {[%clk 0:07:48]} a6 {[%clk 0:25:04]} 33. Rg1
{[%clk 0:06:50]} f6 {[%clk 0:25:10]} 34. f4 {[%clk 0:07:07]} Kf7 {[%clk 0:23:08]}
35. fxg5 {[%clk 0:07:12]} fxg5 {[%clk 0:22:54]} 36. Bxg5 {[%clk 0:07:09]} Rg8
{[%clk 0:22:37]} 37. Rf1+ {[%clk 0:06:00]} Ke8 {[%clk 0:22:04]} 38. Bxe7
{[%clk 0:04:55]} Kxe7 {[%clk 0:21:58]} 39. Rf2 {[%clk 0:04:25]} Rg6
{[%clk 0:21:51]} 40. Rh2 {[%clk 0:01:25]} Kd7 {[%clk 0:21:18]} 41. Kb3
{[%clk 0:01:19]} c5 {[%clk 0:20:25]} 42. a4 {[%clk 0:00:46]} Kc6 {[%clk 0:19:53]}
43. axb5+ {[%clk 0:01:01]} axb5 44. Rh3 {[%clk 0:01:02]} c4+ {[%clk 0:18:00]} 0-1

[Event "Mistrovstvi Cech 2019 - U12"]
[Site "?"]
[Date "2019.10.26"]
[Round "1.4"]
[White "Svoboda, Ondrej"]
[Black "Soucek, Jan"]
[Result "0-1"]
[BlackElo "1705"]
[WhiteElo "1198"]
[LiveChessVersion "1.4.8"]

1. d4 {[%clk 1:30:57]} d5 {[%clk 1:30:43]} 2. Bf4 {[%clk 1:31:15]} c5
{[%clk 1:30:49]} 3. c3 {[%clk 1:31:19]} Nc6 {[%clk 1:31:05]} 4. e3
{[%clk 1:31:14]} Nf6 {[%clk 1:31:15]} 5. Nd2 {[%clk 1:31:14]} Qb6
{[%clk 1:30:51]} 6. Qb3 {[%clk 1:30:47]} c4 {[%clk 1:29:16]} 7. Qc2
{[%clk 1:30:22]} Bg4 {[%clk 1:26:17]} 8. Be2 {[%clk 1:29:29]} Bh5
{[%clk 1:11:11]} 9. Bg5 {[%clk 1:28:05]} Bg6 {[%clk 1:10:32]} 10. Qc1
{[%clk 1:26:07]} e6 {[%clk 1:07:45]} 11. Ngf3 {[%clk 1:25:20]} Bd6
{[%clk 1:07:03]} 12. O-O {[%clk 1:21:20]} Qc7 {[%clk 1:03:49]} 13. Re1
{[%clk 1:19:59]} Ne4 {[%clk 1:01:35]} 14. Bh4 {[%clk 1:18:33]} f5
{[%clk 0:58:53]} 15. Nf1 {[%clk 1:18:10]} Bh5 {[%clk 0:51:28]} 16. Ng3
{[%clk 1:16:12]} Bxf3 {[%clk 0:45:27]} 17. Bxf3 {[%clk 1:15:48]} Kd7
{[%clk 0:32:02]} 18. Qc2 g5 {[%clk 0:09:07]} 19. Bxg5 {[%clk 1:06:30]} Nxg5
{[%clk 0:08:44]} 20. Nxf5 {[%clk 1:05:49]} Nxf3+ {[%clk 0:06:46]} 21. gxf3 exf5
{[%clk 0:06:10]} 22. Qxf5+ {[%clk 1:06:20]} Ke8 23. e4 {[%clk 1:04:39]} Qf7
{[%clk 0:03:30]} 24. exd5+ {[%clk 1:04:27]} Ne7 {[%clk 0:03:48]} 25. Qe4
{[%clk 1:01:59]} Rg8+ {[%clk 0:02:25]} 26. Kf1 {[%clk 1:02:08]} Bxh2
{[%clk 0:01:43]} 27. Ke2 {[%clk 1:01:54]} Qxd5 {[%clk 0:01:20]} 28. Qxh7
{[%clk 1:01:10]} Bf4 {[%clk 0:01:08]} 29. Kf1 {[%clk 1:00:58]} Qf7
{[%clk 0:01:12]} 30. Qe4 {[%clk 1:00:44]} Kf8 {[%clk 0:01:24]} 31. Qxb7
{[%clk 1:00:39]} Rb8 {[%clk 0:01:38]} 32. Qxa7 {[%clk 0:59:47]} Qh7
{[%clk 0:01:31]} 33. Rad1 {[%clk 0:59:10]} Qh1+ {[%clk 0:01:43]} 34. Ke2
{[%clk 0:59:25]} Rxb2+ {[%clk 0:02:10]} 0-1

[Event "Mistrovstvi Cech 2019 - U12"]
[Site "?"]
[Date "2019.10.26"]
[Round "1.5"]
[White "Pressler, Tobias"]
[Black "Hejda, Ondrej"]
[Result "0-1"]
[BlackElo "1355"]
[WhiteElo "1550"]
[LiveChessVersion "1.4.8"]

1. e4 {[%clk 1:30:50]} c5 {[%clk 1:30:41]} 2. Nf3 {[%clk 1:30:57]} Nc6
{[%clk 1:30:34]} 3. d4 {[%clk 1:30:44]} cxd4 {[%clk 1:30:22]} 4. Nxd4
{[%clk 1:30:18]} Nf6 {[%clk 1:29:29]} 5. Nc3 {[%clk 1:29:52]} e6 {[%clk 1:28:42]}
6. Bg5 {[%clk 1:28:51]} Bb4 {[%clk 1:27:10]} 7. Nxc6 {[%clk 1:26:00]} bxc6
{[%clk 1:26:39]} 8. e5 {[%clk 1:25:40]} h6 {[%clk 1:25:04]} 9. exf6
{[%clk 1:25:20]} hxg5 {[%clk 1:24:49]} 10. fxg7 {[%clk 1:21:44]} Rg8
{[%clk 1:24:59]} 11. Be2 {[%clk 1:20:41]} Bb7 {[%clk 1:23:40]} 12. O-O
{[%clk 1:20:45]} Qc7 {[%clk 1:22:52]} 13. Ne4 {[%clk 1:20:46]} O-O-O
{[%clk 1:22:00]} 14. a3 {[%clk 1:20:45]} Be7 {[%clk 1:20:49]} 15. b4
{[%clk 1:20:52]} c5 {[%clk 1:18:58]} 16. Nxc5 {[%clk 1:21:11]} Bxc5
{[%clk 1:18:45]} 17. bxc5 {[%clk 1:21:10]} Qxc5 {[%clk 1:18:49]} 18. Bf3
{[%clk 1:21:01]} Ba6 {[%clk 1:13:25]} 19. c4 {[%clk 1:19:45]} Rxg7
{[%clk 1:10:39]} 20. Qa4 {[%clk 1:19:29]} Bb7 {[%clk 1:05:50]} 21. Bxb7+
{[%clk 1:19:39]} Kxb7 {[%clk 1:05:51]} 22. Rab1+ {[%clk 1:20:00]} Ka8
{[%clk 1:04:53]} 23. Rb5 {[%clk 1:20:03]} Qc6 {[%clk 1:03:49]} 24. Rfb1
{[%clk 1:20:12]} Rgg8 {[%clk 1:03:38]} 25. Qb4 {[%clk 1:20:09]} Rc8
{[%clk 1:02:04]} 26. Qc3 {[%clk 1:19:34]} Qxc4 {[%clk 0:59:06]} 27. Qe3
{[%clk 1:19:54]} Rb8 {[%clk 0:55:41]} 28. Qxg5 {[%clk 1:17:40]} Rgc8
{[%clk 0:53:36]} 29. Rxb8+ {[%clk 1:16:48]} Rxb8 {[%clk 0:53:14]} 30. Rxb8+
{[%clk 1:17:00]} Kxb8 {[%clk 0:53:27]} 31. Qd8+ {[%clk 1:17:25]} Qc8
{[%clk 0:53:46]} 32. Qxc8+ {[%clk 1:17:33]} Kxc8 {[%clk 0:54:05]} 33. h4
{[%clk 1:17:57]} Kd8 {[%clk 0:54:12]} 34. g4 {[%clk 1:18:18]} Ke8
{[%clk 0:54:07]} 35. f4 {[%clk 1:18:40]} Kf8 {[%clk 0:54:11]} 36. Kf2
{[%clk 1:18:50]} Kg7 {[%clk 0:53:11]} 37. Ke3 {[%clk 1:19:11]} f5
{[%clk 0:52:46]} 38. gxf5 {[%clk 1:19:11]} exf5 {[%clk 0:52:55]} 39. Kd4
{[%clk 1:19:37]} Kh6 {[%clk 0:53:02]} 40. Ke5 {[%clk 1:19:29]} Kg6
{[%clk 0:52:39]} 41. Kd6 {[%clk 1:19:13]} Kh5 {[%clk 0:52:46]} 42. Kxd7
{[%clk 1:19:37]} Kxh4 {[%clk 0:53:07]} 43. Ke6 {[%clk 1:20:03]} Kg4
{[%clk 0:53:21]} 44. Ke5 {[%clk 1:20:27]} a6 {[%clk 0:53:25]} 45. a4
{[%clk 1:20:49]} a5 {[%clk 0:53:45]} 46. Kd5 {[%clk 1:21:14]} Kxf4
{[%clk 0:54:04]} 47. Kc5 {[%clk 1:21:42]} Ke4 {[%clk 0:54:23]} 48. Kb5
{[%clk 1:22:09]} f4 {[%clk 0:54:49]} 49. Kxa5 {[%clk 1:22:36]} f3
{[%clk 0:55:18]} 50. Kb6 {[%clk 1:23:00]} f2 {[%clk 0:55:40]} 51. a5
{[%clk 1:23:28]} f1=Q {[%clk 0:56:01]} 52. a6 {[%clk 1:23:51]} Qf6+
{[%clk 0:56:12]} 53. Kb7 {[%clk 1:24:16]} Qe7+ {[%clk 0:56:08]} 54. Kb8
{[%clk 1:24:38]} Kd5 {[%clk 0:54:21]} 55. a7 {[%clk 1:25:02]} Kd6
{[%clk 0:54:22]} 56. Ka8 {[%clk 1:24:30]} Kc6 0-1

[Event "Mistrovstvi Cech 2019 - U12"]
[Site "?"]
[Date "2019.10.26"]
[Round "1.6"]
[White "Slosar, Jan"]
[Black "Barta, David"]
[Result "0-1"]
[BlackElo "1478"]
[WhiteElo "1173"]
[LiveChessVersion "1.4.8"]

1. d4 {[%clk 1:30:57]} d5 {[%clk 1:30:37]} 2. Nf3 {[%clk 1:31:19]} e6
{[%clk 1:30:39]} 3. c4 {[%clk 1:31:40]} c6 {[%clk 1:30:29]} 4. Nc3
{[%clk 1:31:58]} Bd6 {[%clk 1:30:25]} 5. Bg5 {[%clk 1:31:22]} Be7
{[%clk 1:28:56]} 6. Bxe7 {[%clk 1:31:12]} Qxe7 {[%clk 1:28:41]} 7. e3
{[%clk 1:31:31]} f5 {[%clk 1:27:54]} 8. cxd5 {[%clk 1:30:29]} exd5
{[%clk 1:27:44]} 9. Bd3 {[%clk 1:30:04]} Nf6 {[%clk 1:27:03]} 10. O-O
{[%clk 1:30:11]} O-O {[%clk 1:26:33]} 11. Nh4 {[%clk 1:29:55]} Ne4
{[%clk 1:26:03]} 12. f3 {[%clk 1:27:52]} Nxc3 {[%clk 1:25:31]} 13. Qe1
{[%clk 1:26:13]} Na4 {[%clk 1:24:23]} 14. Qg3 {[%clk 1:25:11]} f4
{[%clk 1:21:54]} 15. exf4 {[%clk 1:24:55]} Qe3+ {[%clk 1:21:17]} 0-1

[Event "Mistrovstvi Cech 2019 - U12"]
[Site "?"]
[Date "2019.10.26"]
[Round "1.7"]
[White "Tesar, Jakub"]
[Black "Prochazka, Matej"]
[Result "1/2-1/2"]
[BlackElo "1149"]
[WhiteElo "1626"]
[LiveChessVersion "1.4.8"]

1. e4 {[%clk 1:30:54]} c6 {[%clk 1:30:55]} 2. d4 {[%clk 1:31:13]} d5
{[%clk 1:31:18]} 3. e5 {[%clk 1:31:30]} Bf5 {[%clk 1:30:27]} 4. Bd3
{[%clk 1:31:44]} Bxd3 {[%clk 1:29:21]} 5. Qxd3 {[%clk 1:32:03]} e6
{[%clk 1:29:03]} 6. Nf3 {[%clk 1:31:38]} Be7 {[%clk 1:28:15]} 7. O-O
{[%clk 1:30:54]} Nd7 {[%clk 1:24:53]} 8. Nbd2 {[%clk 1:28:40]} Nh6
{[%clk 1:21:04]} 9. b3 {[%clk 1:28:39]} Nf5 {[%clk 1:20:04]} 10. Bb2
{[%clk 1:28:55]} O-O {[%clk 1:18:58]} 11. c4 {[%clk 1:28:54]} Rc8
{[%clk 1:13:36]} 12. Rfc1 {[%clk 1:28:00]} Nh4 {[%clk 1:08:04]} 13. Nxh4
{[%clk 1:22:55]} Bxh4 {[%clk 1:07:50]} 14. cxd5 {[%clk 1:23:04]} exd5
{[%clk 1:06:52]} 15. Ba3 {[%clk 1:22:29]} Re8 {[%clk 1:06:03]} 16. Rc2
{[%clk 1:20:28]} f6 {[%clk 1:02:31]} 17. g3 {[%clk 1:18:00]} fxe5
{[%clk 0:55:52]} 18. gxh4 {[%clk 1:15:38]} Qxh4 {[%clk 0:56:04]} 19. dxe5
{[%clk 1:13:18]} Nxe5 {[%clk 0:55:43]} 20. Qg3 {[%clk 1:12:39]} Qf6
{[%clk 0:51:00]} 21. Bb2 {[%clk 1:11:18]} Rc7 {[%clk 0:49:09]} 22. f4
{[%clk 1:09:53]} Qf5 {[%clk 0:46:21]} 23. Bxe5 {[%clk 1:06:25]} Rxe5
{[%clk 0:44:27]} 24. fxe5 {[%clk 1:06:21]} Qxc2 25. Nf3 {[%clk 1:05:07]} Qc3
{[%clk 0:43:58]} 26. Re1 {[%clk 1:03:34]} Re7 {[%clk 0:41:27]} 27. e6
{[%clk 1:03:20]} h6 {[%clk 0:40:54]} 28. Nh4 {[%clk 0:57:16]} Qf6
{[%clk 0:39:46]} 29. Ng6 {[%clk 0:54:42]} Rxe6 {[%clk 0:40:07]} 30. Rxe6
{[%clk 0:54:42]} Qxe6 {[%clk 0:40:07]} 31. Qb8+ {[%clk 0:54:42]} Kf7
{[%clk 0:40:07]} 32. Nf4 {[%clk 0:54:42]} Qg4+ {[%clk 0:40:06]} 33. Kf2
{[%clk 0:51:26]} Qh4+ {[%clk 0:40:14]} 34. Ke3 {[%clk 0:50:50]} 1/2-1/2

[Event "Mistrovstvi Cech 2019 - U12"]
[Site "?"]
[Date "2019.10.26"]
[Round "1.9"]
[White "Dudkova, Josefina"]
[Black "Velkoborsky, Tadeas"]
[Result "1-0"]
[BlackElo "1147"]
[WhiteElo "1432"]
[LiveChessVersion "1.4.8"]

1. e4 {[%clk 1:30:56]} e5 {[%clk 1:30:51]} 2. Nc3 {[%clk 1:31:12]} Nc6
{[%clk 1:31:02]} 3. Bc4 {[%clk 1:31:30]} Nf6 {[%clk 1:31:06]} 4. d3
{[%clk 1:31:42]} h6 {[%clk 1:31:03]} 5. Be3 {[%clk 1:31:46]} Bb4 {[%clk 1:31:20]}
6. Nge2 {[%clk 1:31:13]} d6 {[%clk 1:31:29]} 7. h3 {[%clk 1:31:08]} Bc5
{[%clk 1:31:30]} 8. O-O {[%clk 1:30:11]} O-O {[%clk 1:31:40]} 9. Qd2
{[%clk 1:27:54]} Bxe3 {[%clk 1:31:02]} 10. Qxe3 {[%clk 1:26:42]} Be6
{[%clk 1:31:11]} 11. f4 {[%clk 1:24:50]} Qd7 {[%clk 1:30:37]} 12. Qg3
{[%clk 1:19:42]} Nh5 {[%clk 1:29:28]} 13. Qh4 {[%clk 1:15:33]} Nf6
{[%clk 1:28:52]} 14. f5 {[%clk 1:07:55]} Bxc4 {[%clk 1:29:04]} 15. dxc4
{[%clk 1:08:21]} Nd4 {[%clk 1:28:35]} 16. Nxd4 {[%clk 1:03:13]} exd4
{[%clk 1:28:55]} 17. Nb5 {[%clk 1:03:02]} c5 {[%clk 1:26:01]} 18. Rfe1
{[%clk 0:59:49]} a6 {[%clk 1:25:54]} 19. Nxd6 {[%clk 0:51:55]} Qxd6
{[%clk 1:23:59]} 20. e5 {[%clk 0:52:12]} Qd8 {[%clk 1:24:11]} 21. exf6
{[%clk 0:52:15]} Qxf6 {[%clk 1:24:17]} 22. Qxf6 {[%clk 0:52:20]} gxf6
{[%clk 1:24:39]} 23. Re7 {[%clk 0:52:36]} b6 {[%clk 1:24:30]} 24. Rae1
{[%clk 0:52:28]} b5 {[%clk 1:22:46]} 25. cxb5 {[%clk 0:48:19]} axb5
{[%clk 1:21:49]} 26. a3 {[%clk 0:47:42]} b4 {[%clk 1:16:06]} 27. axb4
{[%clk 0:47:19]} cxb4 {[%clk 1:16:04]} 28. Rd7 {[%clk 0:44:46]} Rfd8
{[%clk 1:14:21]} 29. Rxd8+ {[%clk 0:39:43]} Rxd8 {[%clk 1:14:42]} 30. Rd1
{[%clk 0:40:07]} Kg7 {[%clk 1:13:20]} 31. Kf2 {[%clk 0:40:10]} Rd5
{[%clk 1:12:32]} 32. g4 {[%clk 0:39:51]} Rc5 {[%clk 1:09:56]} 33. Rd2
{[%clk 0:38:55]} h5 {[%clk 1:08:59]} 34. Kf3 {[%clk 0:38:48]} Kh6
{[%clk 1:09:03]} 35. Rxd4 {[%clk 0:38:19]} Rxc2 {[%clk 1:08:49]} 36. Rxb4
{[%clk 0:38:30]} Rd2 {[%clk 1:07:43]} 37. Kg3 {[%clk 0:33:44]} Kg5
{[%clk 1:07:43]} 38. h4+ {[%clk 0:22:54]} Kh6 39. Rb6 Rd3+ {[%clk 1:06:45]} 40.
Kg2 {[%clk 0:22:35]} Rd2+ 41. Kf3 {[%clk 0:22:00]} hxg4+ {[%clk 1:07:16]} 42.
Kxg4 Rd4+ {[%clk 1:07:15]} 43. Kg3 {[%clk 0:21:20]} Rd3+ {[%clk 1:07:22]} 44. Kf2
{[%clk 0:21:27]} Kg7 {[%clk 1:07:24]} 45. Kg2 {[%clk 0:19:58]} Rd5
{[%clk 1:07:40]} 46. Rb4 {[%clk 0:19:15]} Rxf5 {[%clk 1:07:45]} 47. Rg4+
{[%clk 0:19:23]} Kh6 {[%clk 1:07:31]} 48. b4 {[%clk 0:19:19]} Kh5
{[%clk 1:06:34]} 49. Rc4 {[%clk 0:18:48]} Kg6 {[%clk 1:05:15]} 50. Kg3
{[%clk 0:18:10]} Rb5 {[%clk 1:04:54]} 51. Kg4 {[%clk 0:18:11]} f5+
{[%clk 1:04:21]} 52. Kf3 {[%clk 0:17:12]} f6 {[%clk 1:03:41]} 53. Ke3
{[%clk 0:14:54]} Kh5 {[%clk 0:58:50]} 54. Kd3 {[%clk 0:14:34]} Rd5+
{[%clk 0:58:11]} 55. Kc3 {[%clk 0:14:45]} Rb5 {[%clk 0:58:34]} 56. Rc5
{[%clk 0:13:54]} Rxc5+ {[%clk 0:58:37]} 57. bxc5 {[%clk 0:14:03]} f4
{[%clk 0:58:47]} 58. Kd3 {[%clk 0:14:15]} Kxh4 {[%clk 0:58:23]} 59. Ke2
{[%clk 0:14:08]} Kg3 {[%clk 0:58:05]} 60. Kf1 {[%clk 0:14:26]} f3
{[%clk 0:58:16]} 61. c6 {[%clk 0:14:37]} f5 {[%clk 0:57:45]} 62. c7
{[%clk 0:14:47]} f4 {[%clk 0:58:11]} 63. c8=Q {[%clk 0:15:07]} f2
{[%clk 0:58:38]} 64. Qg8+ {[%clk 0:15:05]} Kf3 {[%clk 0:58:54]} 65. Qg2+
{[%clk 0:15:24]} Ke3 {[%clk 0:58:29]} 66. Qxf2+ {[%clk 0:15:20]} Ke4
{[%clk 0:58:43]} 67. Ke2 {[%clk 0:15:34]} Kf5 {[%clk 0:59:04]} 68. Qf3
{[%clk 0:15:23]} Ke5 {[%clk 0:59:13]} 69. Kd3 {[%clk 0:15:36]} Kd6
{[%clk 0:58:57]} 70. Qxf4+ {[%clk 0:15:56]} Kd7 {[%clk 0:58:10]} 71. Qf6
{[%clk 0:16:09]} Ke8 {[%clk 0:58:19]} 72. Qg7 {[%clk 0:16:29]} Kd8
{[%clk 0:57:50]} 73. Kd4 {[%clk 0:16:53]} Kc8 {[%clk 0:58:01]} 74. Kc5
{[%clk 0:17:16]} Kd8 {[%clk 0:58:27]} 75. Kd6 {[%clk 0:17:39]} Kc8
{[%clk 0:58:47]} 76. Qc7# 1-0

[Event "Mistrovstvi Cech 2019 - U12"]
[Site "Prichovice u Korenova"]
[Date "2019.10.26"]
[Round "1.11"]
[White "Svoboda, Daniel"]
[Black "Krupka, Ales"]
[Result "1-0"]
[WhiteElo "1462"]
[BlackElo "1200"]
[PlyCount "51"]
[EventDate "2019.10.26"]

{[%evp 0,51,31,30,30,17,25,17,12,16,-7,-1,89,80,131,52,59,-4,-4,-2,28,13,30,33,
36,9,9,21,26,18,20,28,47,10,60,63,73,39,66,86,86,72,86,86,86,3,32,-11,-10,0,58,
57,29997,29998]} 1. e4 e5 2. Nf3 Nc6 3. Nc3 Nf6 4. d4 exd4 5. Nxd4 Nxd4 6. Qxd4
Bd6 7. Be2 Qe7 8. Nd5 Nxd5 9. Qxd5 O-O 10. Be3 c6 11. Qd3 Bc5 12. O-O Bxe3 13.
Qxe3 Qe5 14. c3 d5 15. Bd3 Be6 16. f4 Qh5 17. f5 Bd7 18. Rf3 Rfe8 19. Rh3 Qg4
20. Rg3 Qh4 21. Qd4 f6 22. Rh3 Qf4 23. Rf1 Qe5 24. Qf2 dxe4 25. Bc4+ Kh8 26.
Rxh7+ 1-0

[Event "Mistrovstvi Cech 2019 - U12"]
[Site "Prichovice u Korenova"]
[Date "2019.10.26"]
[Round "1.13"]
[White "Tichy, Tomas"]
[Black "Kroulik, Vaclav"]
[Result "0-1"]
[WhiteElo "1426"]
[BlackElo "1323"]
[PlyCount "110"]
[EventDate "2019.10.26"]

{[%evp 0,110,20,17,53,-47,22,31,30,35,17,48,51,46,96,98,107,49,54,74,92,85,90,
100,93,44,130,76,140,108,182,195,183,103,146,64,94,123,136,58,80,57,104,54,60,
65,109,42,79,78,81,29,114,103,98,93,107,0,26,-18,-19,-16,-16,-16,-24,-120,-119,
-208,136,140,198,28,49,73,154,190,146,82,199,166,174,-213,213,-375,139,-267,
-329,-344,-332,-635,-672,-690,-715,-782,-807,-839,-839,-883,-911,-1011,-925,
-953,-953,-978,-1098,-1421,-1157,-1263,-1267,-29997,-29998,-29999,-30000]} 1.
e4 c5 2. b4 e6 3. bxc5 Bxc5 4. d4 Bb6 5. c3 Nf6 6. Bd3 d5 7. e5 Nfd7 8. f4 Nc6
9. Nf3 O-O 10. O-O Ba5 11. Qc2 h6 12. Qf2 f6 13. Qg3 Qe8 14. Ba3 f5 15. Bxf8
Qxf8 16. Qg6 Nb6 17. Kh1 Ne7 18. Qg3 Bd7 19. Nh4 Be8 20. Qf3 Kh8 21. g3 Na4 22.
Bc2 Nb6 23. h3 g6 24. g4 Nc4 25. Bb3 Nb6 26. gxf5 Nxf5 27. Nxf5 Qxf5 28. Qg2
Bb5 29. Rf2 Bd3 30. Bc2 Bxc2 31. Rxc2 Nc4 32. Rf2 Ne3 33. Qf3 Nc4 34. Nd2 Na3
35. Rd1 Rc8 36. Qg4 Qf7 37. Qh4 Kh7 38. Qf6 Qd7 39. Rg2 Rg8 40. Rdg1 Qe8 41.
Rg3 Nb5 42. Nb1 Bd8 43. Rxg6 Rxg6 44. Rxg6 Bxf6 45. Rxf6 Qh5 46. Kg2 Qe2+ 47.
Kg3 Qe1+ 48. Kg2 Qxb1 49. Rxe6 Qe4+ 50. Kg3 Nxc3 51. Re7+ Kg6 52. Re6+ Kf7 53.
Rxh6 Ne2+ 54. Kh4 Qxf4+ 55. Kh5 Ng3# 0-1

[Event "Mistrovstvi Cech 2019 - U12"]
[Site "Prichovice u Korenova"]
[Date "2019.10.26"]
[Round "1.14"]
[White "Mauer, Pavel"]
[Black "Dusanek, Michal"]
[Result "1/2-1/2"]
[WhiteElo "1138"]
[BlackElo "1467"]
[PlyCount "147"]
[EventDate "2019.10.26"]

{[%evp 0,43,19,31,32,29,31,-2,32,42,34,33,29,-4,-14,-9,-11,-34,16,8,7,0,-5,-3,
15,-2,-6,-33,21,-12,12,15,10,11,9,0,18,16,66,-18,55,7,43,26,20,-12]} 1. e4 d5
2. exd5 Nf6 3. Bc4 Nxd5 4. Nf3 Nc6 5. O-O Bf5 6. Bxd5 Qxd5 7. Nc3 Qd7 8. d3 e6
9. Re1 O-O-O 10. a3 Bd6 11. Be3 a6 12. h3 h6 13. Qe2 g5 14. Nd4 Nxd4 15. Bxd4
Bh2+ 16. Kxh2 Qxd4 17. Qe3 Qd6+ 18. Kg1 g4 19. Ne4 Qc6 20. hxg4 Bxe4 21. dxe4
Qxc2 22. Re2 Rd1+ 23. Kh2 Qd3 24. Qxd3 Rxd3 25. f3 Rhd8 26. Rae1 Rd2 27. Kg3 c5
28. f4 R8d3+ 29. Kh4 c4 30. Kh5 Rxe2 31. Rxe2 Rg3 32. f5 e5 33. Rc2 b5 34. Re2
a5 35. Kh4 Rd3 36. Kh5 Rd6 37. g5 hxg5 38. Kxg5 b4 39. axb4 axb4 40. f6 Kd7 41.
Kf5 c3 42. bxc3 bxc3 43. Rc2 Rd3 44. g4 Kd6 45. g5 Rf3+ 46. Kg4 Re3 47. Kf5
Rf3+ 48. Kg4 Rf4+ 49. Kg3 Rxe4 50. Rxc3 Ke6 51. Rc7 Kf5 52. Rxf7 Kxg5 53. Rf8
Kf5 54. Re8 Kxf6 55. Rb8 Kf5 56. Rb3 Rg4+ 57. Kf2 Rd4 58. Ke2 Rh4 59. Rf3+ Ke4
60. Re3+ Kd5 61. Rg3 Re4+ 62. Kd2 Ra4 63. Rd3+ Rd4 64. Ke3 Kc4 65. Ra3 Kd5 66.
Ra5+ Ke6 67. Ra3 Kf5 68. Kf3 Rf4+ 69. Ke3 Rg4 70. Ra5 Rg3+ 71. Kf2 Rd3 72. Ke2
Ke4 73. Ra4+ Rd4 74. Ra3 1/2-1/2

[Event "Mistrovstvi Cech 2019 - U12"]
[Site "Prichovice u Korenova"]
[Date "2019.10.26"]
[Round "1.15"]
[White "Popov, Roman"]
[Black "Tegda, Vojtech"]
[Result "1-0"]
[WhiteElo "1461"]
[BlackElo "1279"]
[PlyCount "105"]
[EventDate "2019.10.26"]

{[%evp 0,105,28,23,23,34,21,26,26,16,-8,-8,92,78,64,78,112,102,94,40,66,64,168,
87,126,80,95,55,193,197,171,173,229,192,211,171,176,98,121,96,105,110,122,115,
110,113,113,103,103,103,102,-6,15,0,0,0,0,-104,-101,-109,-96,-120,-120,-116,
-131,-117,-28,-117,-72,-116,-27,-62,-62,-29,-29,-11,3,3,6,0,0,0,0,0,0,-3,608,
706,808,976,992,0,0,0,1002,1016,1022,1032,1032,29972,29973,29974,29977,29976,
29979,29980,29983,29984]} 1. e4 e5 2. Nf3 Nc6 3. Nc3 Nf6 4. d4 exd4 5. Nxd4
Nxd4 6. Qxd4 d6 7. Bf4 Be6 8. O-O-O Be7 9. f3 Qd7 10. g4 Qd8 11. h4 h6 12. Be2
Nd7 13. g5 f6 14. gxh6 gxh6 15. Rhg1 Nb6 16. Rg6 Qd7 17. Rdg1 O-O-O 18. Rxh6
Rxh6 19. Bxh6 Rh8 20. Qe3 f5 21. exf5 Bxf5 22. Rg7 Qe6 23. Qxe6+ Bxe6 24. Rxe7
Rxh6 25. Nb5 Nd5 26. Rg7 a6 27. Nd4 Nf4 28. Nxe6 Nxe2+ 29. Kd2 Rxe6 30. Rg8+
Kd7 31. Rg7+ Kc6 32. Rg4 Re8 33. c3 Kc5 34. b3 Kd5 35. Re4 Rxe4 36. fxe4+ Kxe4
37. Kxe2 Kf4 38. Kd3 Kg4 39. Ke4 Kxh4 40. Kf5 Kg3 41. Ke6 Kf3 42. Kd7 c6 43.
Kxd6 Ke3 44. Kc7 Kd3 45. Kxb7 Kxc3 46. a4 a5 47. Kxc6 Kxb3 48. Kb5 Kc3 49. Kxa5
Kd4 50. Kb6 Kd5 51. a5 Kd6 52. a6 Kd7 53. a7 1-0

[Event "Mistrovstvi Cech 2019 - U12"]
[Site "Prichovice u Korenova"]
[Date "2019.10.26"]
[Round "1.20"]
[White "Day, Sophia Olivia"]
[Black "Mikolas, Petr"]
[Result "0-1"]
[WhiteElo "1093"]
[BlackElo "1438"]
[PlyCount "120"]
[EventDate "2019.10.26"]

{[%evp 0,20,17,11,11,7,32,8,68,58,37,23,20,22,50,23,23,-14,2,2,-24,-19,-10]} 1.
e4 e5 2. Nf3 Nf6 3. Nc3 d6 4. Bc4 Be7 5. O-O Bg4 6. h3 Bh5 7. Qe2 Nc6 8. Qe3
Bxf3 9. Qxf3 Nd4 10. Qd3 O-O 11. Ne2 Nxe2+ 12. Qxe2 Qd7 13. d3 a5 14. Qf3 b5
15. Bd5 c6 16. Bb3 a4 17. Bxa4 Rxa4 18. Re1 Rfa8 19. a3 b4 20. Qg3 bxa3 21.
bxa3 Nh5 22. Qf3 Nf6 23. Bb2 Qa7 24. Qe2 h6 25. Qd2 Qa5 26. Qe3 Qc5 27. Qc1 Qa5
28. Ra2 d5 29. Bxe5 Bxa3 30. Qd1 dxe4 31. Bxf6 gxf6 32. Qg4+ Qg5 33. Qxg5+ fxg5
34. dxe4 Bb4 35. Rxa4 Rxa4 36. Rd1 Bc3 37. Rd8+ Kg7 38. Rc8 Be5 39. f3 Rc4 40.
Kf2 Rxc2+ 41. Kf1 c5 42. Rd8 Kf6 43. Rh8 Kg7 44. Re8 Bd4 45. Ke1 c4 46. Rd8 Bb2
47. g3 c3 48. Kd1 Rc1+ 49. Ke2 c2 50. Rc8 Re1+ 51. Kxe1 c1=Q+ 52. Rxc1 Bxc1 53.
Kd1 Bb2 54. Kc2 Be5 55. g4 Kg6 56. Kd3 h5 57. Ke3 Kf6 58. gxh5 Kg7 59. Kd3 Kh6
60. Kc4 Kxh5 0-1

[Event "Mistrovstvi Cech 2019 - U14"]
[Site "?"]
[Date "2019.10.26"]
[Round "1.1"]
[White "Spicka, Petr"]
[Black "Hak, David"]
[Result "0-1"]
[BlackElo "2018"]
[WhiteElo "1433"]
[LiveChessVersion "1.4.8"]

1. e4 {[%clk 1:30:48]} e6 {[%clk 1:30:55]} 2. d4 {[%clk 1:31:01]} d5
{[%clk 1:31:21]} 3. exd5 {[%clk 1:29:26]} exd5 {[%clk 1:31:45]} 4. Nf3
{[%clk 1:26:07]} Nf6 {[%clk 1:32:09]} 5. h3 {[%clk 1:22:21]} Bd6 {[%clk 1:30:45]}
6. Bd3 {[%clk 1:19:30]} O-O {[%clk 1:30:19]} 7. O-O {[%clk 1:17:11]} Nc6
{[%clk 1:24:29]} 8. c3 {[%clk 1:15:20]} Ne4 {[%clk 1:23:18]} 9. Nbd2
{[%clk 1:08:16]} Bf5 {[%clk 1:14:39]} 10. Qc2 {[%clk 1:03:12]} Re8
{[%clk 1:09:46]} 11. Ng5 {[%clk 0:48:34]} Nxg5 {[%clk 0:59:50]} 12. Bxf5
{[%clk 0:47:52]} g6 {[%clk 0:59:46]} 13. Bd3 {[%clk 0:42:25]} Nxh3+
{[%clk 0:59:46]} 14. Kh1 {[%clk 0:35:23]} Qh4 {[%clk 0:59:46]} 15. Nf3
{[%clk 0:31:28]} Qh5 {[%clk 0:56:50]} 16. Be3 {[%clk 0:31:28]} Ng5+
{[%clk 0:57:27]} 17. Kg1 {[%clk 0:31:03]} Nxf3+ {[%clk 0:57:51]} 18. gxf3
{[%clk 0:31:13]} Qh2# 0-1